|
|
|
|
| LEADER |
00000cam a2200000 a 4500 |
| 001 |
vtls011622822 |
| 003 |
SK-MaSNL |
| 005 |
20260331211011.0 |
| 008 |
170410t2012 xxka grn 001 0 eng |
| 015 |
|
|
|a SNBZSA2024/04
|
| 020 |
|
|
|a 9781447124368
|q (viazané)
|
| 020 |
|
|
|a 9781447124375
|q (e-ISBN)
|
| 040 |
|
|
|a SNK
|b slo
|c SNK
|e rda
|
| 041 |
0 |
|
|a eng
|
| 044 |
|
|
|a xxk
|c GB
|a ne
|c NL
|a gw
|c DE
|a xxu
|c US
|
| 072 |
|
7 |
|a 004.9
|x Špeciálne počítačové metódy. Počítačová grafika
|2 konspekt
|
| 072 |
|
7 |
|a 004.4/.6
|x Programovanie. Softvér
|2 konspekt
|
| 080 |
|
|
|a 004.9:51-3
|2 2011
|
| 080 |
|
|
|a 004.42.043
|2 2001
|
| 080 |
|
|
|a 004.42.032.24
|2 2001
|
| 080 |
|
|
|a 004.421.032.24
|2 2001
|
| 080 |
|
|
|a (048.8:082)
|2 2011
|
| 080 |
|
|
|a (035)
|2 2011
|
| 100 |
1 |
|
|a Berry, Michael W.
|4 edt
|4 aui
|4 aut
|9 162912
|
| 245 |
1 |
0 |
|a High-performance scientific computing
|b algorithms and applications
|c Michael W. Berry, Kyle A. Gallivan, Efstratios Gallopoulos, Ananth Grama, Bernard Philippe, Yousef Saad, Faisal Saied, editors
|
| 264 |
|
1 |
|a London
|a Dordrecht
|a Heidelberg
|a New York
|b Springer
|c [2012]
|
| 264 |
|
4 |
|c ©2012
|
| 300 |
|
|
|a xiii, 346 strán
|b ilustrácie. tabuľky, vzorce
|c 24 cm
|
| 336 |
|
|
|a text
|b txt
|2 rdacontent
|
| 337 |
|
|
|a bez média
|b n
|2 rdamedia
|
| 338 |
|
|
|a zväzok
|b nc
|2 rdacarrier
|
| 500 |
|
|
|a Obsahuje profesijné pôsobenie editorov
|
| 504 |
|
|
|a Obsahuje bibliografiu za jednotlivými príspevkami a register
|
| 650 |
0 |
7 |
|a vedecké výpočty
|2 SNKPH
|9 661441
|
| 650 |
0 |
7 |
|a výpočtové metódy
|2 SNKPH
|9 82413
|
| 650 |
0 |
7 |
|a štruktúrované programovanie
|2 SNKPH
|9 1876
|
| 650 |
0 |
7 |
|a paralelné programovanie
|2 SNKPH
|9 1859
|
| 650 |
0 |
7 |
|a paralelné algoritmy
|2 SNKPH
|9 69898
|
| 650 |
0 |
7 |
|a Scientific computing
|2 SAVUKPHeng
|9 661442
|
| 650 |
0 |
7 |
|a Computational methods
|2 SNKPHeng
|9 314016
|
| 650 |
0 |
7 |
|a Structural programming
|2 SNKPHeng
|9 351154
|
| 650 |
0 |
7 |
|a Paralell programming
|2 SNKPHeng
|9 504981
|
| 650 |
0 |
7 |
|a Parallel algorithms
|2 SNKPHeng
|9 661443
|
| 655 |
|
7 |
|a kolektívne monografie
|2 SNKPH
|9 249850
|
| 655 |
|
7 |
|a príručky
|2 SNKPH
|9 74364
|
| 655 |
|
7 |
|a Collective monographs
|2 SNKPHeng
|9 125747
|
| 655 |
|
7 |
|a Handbooks, manuals, etc.
|2 SNKPHeng
|9 90964
|
| 700 |
1 |
|
|a Gallivan, Kyle A.,
|d 1958-
|4 edt
|4 aui
|4 aut
|9 239910
|
| 700 |
1 |
|
|a Gallopoulos, Efstratios
|4 edt
|4 aui
|4 aut
|9 661444
|
| 700 |
1 |
|
|a Grama, Ananth
|4 edt
|4 aui
|4 aut
|9 661445
|
| 700 |
1 |
|
|a Philippe, Bernard
|4 edt
|4 aui
|4 aut
|9 661446
|
| 700 |
1 |
|
|a Saad, Yousef
|4 edt
|4 aui
|4 aut
|9 661447
|
| 700 |
1 |
|
|a Saied, Faisal
|4 edt
|4 aui
|4 aut
|9 661448
|
| 852 |
|
|
|a Slovenská národná knižnica
|
| 919 |
|
|
|a 978-1-4471-2436-8
|
| 919 |
|
|
|a 978-1-4471-2437-5
|
| 954 |
|
|
|a odborná, vedecká literatúra cudzojazyčná (svetová)
|2 lita
|
| 954 |
|
|
|a odborná, vedecká literatúra pôvodná (slovenská)
|2 lita
|
| 958 |
|
|
|a ZS
|
| 958 |
|
|
|a NB
|
| 999 |
|
|
|c 1021721
|d 1023651
|
| 952 |
|
|
|a SNK
|b SNK
|y PREZ
|7 0
|p 17A1165517
|o snkSC 206325
|i snk2024/6882
|8 4
|g 120.99
|0 0
|1 0
|4 0
|d 2023-03-27
|l 0
|r 2025-10-29 00:00:00
|w 2026-02-24
|